Odes escolhidas de Ricardo Reis /
Gardado en:
| Autor Principal: | |
|---|---|
| Outros autores: | , |
| Formato: | Libro |
| Idioma: | portugués |
| Publicado: |
Oporto, Portugal :
Assírio y Alvim,
2018, c2013
|
| Edición: | 1a edición, 1a reimpresión |
| Series: | (Pessoa Breve)
|
| Temas: | |
| Etiquetas: |
Sen Etiquetas, Sexa o primeiro en etiquetar este rexistro!
|
MARC
| LEADER | 00000nam^a2200000^a^4500 | ||
|---|---|---|---|
| 001 | 000410603 | ||
| 005 | 20250521000000.0 | ||
| 009 | 20260310122050.942 | ||
| 020 | |a 978-972-37-1693-1 | ||
| 037 | |a Acervo ITESO - Biblioteca | ||
| 041 | |a POR | ||
| 082 | |a 869. |b PES | ||
| 100 | |a Pessoa, Fernando |e (autor) | ||
| 240 | 1 | 1 | |a [Poemas de Fernando Pessoa] |
| 240 | 1 | 1 | |a [Poesía de Fernando Pessoa] |
| 240 | 1 | 1 | |a [Poemas de Ricardo Reis] |
| 240 | 1 | 1 | |a [Poesía de Ricardo Reis] |
| 245 | 1 | 0 | |a Odes escolhidas de Ricardo Reis / |c F. Pessoa ; ed. de F.C. Martins, R. Zenith. |
| 250 | |a 1a edición, 1a reimpresión | ||
| 264 | 4 | |a Oporto, Portugal : |b Assírio y Alvim, |c 2018, c2013 | |
| 300 | |a 149 p. | ||
| 336 | |a texto |b txt |2 rdacontenido | ||
| 337 | |a sin mediación |b n |2 rdamedio | ||
| 338 | |a volumen |b nc |2 rdasoporte | ||
| 440 | 1 | |a (Pessoa Breve) | |
| 521 | |a FIL 2018 DIA | ||
| 545 | 0 | |a Fernando Pessoa (Lisboa, 1888-1935), escritor portugués, considerado uno de los mayores poetas de la literatura universal. Radicó durante su infancia y adolescencia en Sudáfrica (1896-1905), donde recibió una educación británica. Regresó definitivamente a Portugal y se dedicó desde 1908 a la traducción de correspondencia comercial, profesión que le daba gran margen de tiempo para consagrarlo a la literatura. Autor de Antínoo: un poema (1918), 35 sonetos (1918) y Poemas ingleses I, II y III (1921), en lengua inglesa, y Mensaje (1933), colección de poemas sobre grandes personajes históricos portugueses, en su idioma materno. La mayor parte de sus obras publicadas en vida aparecieron dispersas en revistas, como Aguila, Orfeo –seno del movimiento modernista portugués-, Atenea, Presencia y Sudoeste: Cuadernos de Almada Negreiros. Tradujo asimismo autores de lengua inglesa, como William Shakespeare y Edgar Allan Poe, al portugués y a escritores lusos, como António Botto y Almada Negreiros, al inglés. Su creación de múltiples personalidades poéticas con identidades y estilos propios –como Alberto Caeiro, Alvaro de Campos o Ricardo Reis- y su enorme obra –tanto en poesía como en prosa- que permanecía inédita al momento de su muerte han sido objeto de numerosas ediciones, antologías, estudios y adaptaciones musicales. Algunos títulos de esa bibliografía póstuma son: Los poemas de Alberto Caeiro, Los poemas de Alvaro de Campos y Los poemas de Ricardo Reis; el Libro del desasosiego y Plural de nadie; los volúmenes narrativos El arte de razonar, Una cena muy original, La educación del estoico, La hora del Diablo y Quaresma, descifrador: relatos policíacos; la selección de ensayos Sobre literatura y arte; Cartas de amor; Fausto: tragedia subjetiva y El marinero: drama estático en un cuadro: en la floresta del enajenamiento. | |
| 649 | |a XX | ||
| 650 | |a Oda Portuguesa | ||
| 650 | |a Poesía Portuguesa | ||
| 650 | |a Modernismo (Literatura) - |z Portugal | ||
| 650 | |a Literatura Portuguesa - |y Siglo XX | ||
| 700 | |a Martins, Fernando Cabral |e (edición) | ||
| 700 | |a Zenith, Richard |e (edición) | ||
| 910 | |a Fondo General | ||
| 920 | |a Impresos - Libros | ||
| 930 | |a Colección General | ||
| 940 | |a Literatura | ||
| 905 | |a 101 | ||
| 901 | |a 0500311544 |b IT1 |c LIT |i C164223 |u 20250521 | ||
| 902 | |a https://opac.biblio.iteso.mx/vufind/Record/000410603 | ||